000 00630nam a2200205Ia 4500
003 GCL
008 140319s9999 xx 000 0 ara d
040 _aGCL /
_cGCL
082 0 4 _a239.6
_bم ب
100 1 _aمصطفى الشكعة
245 1 0 _aالبيان المحمدى /
_cمصطفى الشكعة
260 _a[S.N] :
_bالدار المصرية اللبنانية ،
_c1995
300 _a941 ص
490 _a
650 0 4 _aالاسلام
650 0 4 _aالسيرة النبوية
650 0 4 _aاخلاق الرسول
650 0 4 _aمحمد رسول الله صلى الله عليه وسلم
942 _2ddc
_cBK
999 _c54757
_d54757